[Event "Montesilvano Easter op 6th"]
[Site "Montesilvano"]
[Date "2021.04.03"]
[Round "3"]
[White "Dionigi, Riccardo"]
[Black "Bettalli, Francesco"]
[Result "1/2-1/2"]
[WhiteElo "2032"]
[BlackElo "2268"]
[PlyCount "71"]
[EventDate "2021.04.02"]
[EventType "swiss"]
[EventRounds "6"]
[EventCountry "ITA"]
[SourceTitle "CBM 201 Extra"]
[Source "ChessBase"]
[SourceDate "2021.05.31"]
[SourceVersion "1"]
[SourceVersionDate "2021.05.31"]
[SourceQuality "1"]

1. d4 Nf6 2. c4 g6 3. Nc3 d5 4. cxd5 Nxd5 5. e4 Nxc3 6. bxc3 Bg7 7. Nf3 0-0 8. Be2 c5 9. Be3 Qa5 10. 0-0 Rd8 11. Qb3 b6 12. Rac1 e6 13. d5 exd5 14. exd5 Nd7 15. c4 Qa6 16. Rfe1 Re8 17. a4 Nf6 18. Qb5 Qxb5 19. axb5 Ne4 20. Nd2 Nc3 21. Bd3 Na2 22. Rcd1 Nb4 23. Bb1 Bc3 24. Ne4 Rxe4 25. Bxe4 Bxe1 26. Rxe1 Bd7 27. Ra1 a5 28. bxa6 Rxa6 29. Rxa6 Nxa6 30. Kf1 f6 31. Bf4 Kf7 32. h4 Nb4 33. Bd6 Ba4 34. Ke2 Bb3 35. Bd3 Nxd3 36. Kxd3 1/2-1/2

[Event "Veneto-ch qf 79th"]
[Site "Padova"]
[Date "2020.02.22"]
[Round "2.3"]
[White "Dionigi, Riccardo"]
[Black "Loiacono, Antonio"]
[Result "0-1"]
[WhiteElo "2071"]
[BlackElo "2320"]
[PlyCount "54"]
[EventDate "2020.02.21"]
[EventType "swiss"]
[EventRounds "3"]
[EventCountry "ITA"]
[SourceTitle "EXT 2024"]
[Source "ChessBase"]
[SourceDate "2023.10.10"]
[SourceVersion "1"]
[SourceVersionDate "2023.10.10"]
[SourceQuality "1"]

1. d4 d5 2. Nf3 Nf6 3. e3 c6 4. c4 Bg4 5. h3 Bh5 6. g4 Bg6 7. Ne5 e6 8. Nxg6 hxg6 9. Nd2 Nbd7 10. Bg2 g5 11. 0-0 Bd6 12. Re1 Qc7 13. e4 dxe4 14. Nxe4 Nxe4 15. Rxe4 Nf6 16. Re1 Bh2+ 17. Kf1 Bf4 18. d5 0-0-0 19. Qa4 exd5 20. cxd5 Nxd5 21. Qxa7 Qb8 22. Qa4 Qc7 23. Bxf4 Qxf4 24. Re4 Qf6 25. Qb3 Nf4 26. Rae1 Nd3 27. R1e2 Nc5 0-1

[Event "Lignano Sabbiadoro op 5th"]
[Site "Lignano Sabbiadoro"]
[Date "2019.07.29"]
[Round "4"]
[White "Dionigi, Riccardo"]
[Black "Drazic, Sinisa"]
[Result "1/2-1/2"]
[WhiteElo "2045"]
[BlackElo "2363"]
[PlyCount "167"]
[EventDate "2019.07.27"]
[EventType "swiss"]
[EventRounds "9"]
[EventCountry "ITA"]
[SourceTitle "CBM 191 Extra"]
[Source "ChessBase"]
[SourceDate "2019.09.30"]
[SourceVersion "1"]
[SourceVersionDate "2019.09.30"]
[SourceQuality "1"]

1. d4 Nf6 2. c4 d6 3. Nc3 Nbd7 4. Nf3 e5 5. g3 g6 6. Bg2 Bg7 7. 0-0 0-0 8. e4 exd4 9. Nxd4 Re8 10. Re1 a6 11. h3 Rb8 12. a4 Ne5 13. b3 Bd7 14. Be3 c5 15. Nde2 Bc6 16. Qc2 Qc7 17. Red1 Rbd8 18. Rac1 h6 19. Nd5 Bxd5 20. cxd5 Qb8 21. f4 Ned7 22. Bf2 Rc8 23. Nc3 h5 24. e5 dxe5 25. f5 g5 26. Ne4 Nxe4 27. Qxe4 Qd6 28. Bf3 g4 29. hxg4 Nf6 30. Qc4 e4 31. g5 exf3 32. gxf6 Bxf6 33. Qd3 Bg5 34. Rc2 Re5 35. Qxf3 Qf6 36. d6 Rxf5 37. Qxb7 Rd8 38. Kg2 h4 39. Bxc5 Qe6 40. Bf2 h3+ 41. Kh2 Rd7 42. Qc8+ Kg7 43. Qc4 Rxd6 44. Qxe6 Rxe6 45. Kxh3 Be7 46. Kg2 Bb4 47. Rd3 a5 48. Rf3 Rd5 49. Rc7 Rf6 50. Rxf6 Kxf6 51. Rc4 Rd2 52. Kf1 Ke5 53. Rf4 f5 54. Rf3 Rb2 55. Re3+ Kf6 56. Rf3 Kg5 57. Rd3 Kg4 58. Rd4+ Kh5 59. Rd3 Kg5 60. Bd4 Rc2 61. Be5 Kg4 62. Bf4 Rb2 63. Be5 Ra2 64. Bf4 Rh2 65. Rd8 Rb2 66. Rd3 Rc2 67. Kg1 Bc5+ 68. Kf1 Bb4 69. Kg1 Kh3 70. Kf1 Ra2 71. Be5 Kg4 72. Kg1 Re2 73. Bf4 Rc2 74. Kf1 Bc3 75. Bd6 Bd2 76. Kg1 Bc3 77. Kf1 Kh3 78. Rd5 Kg4 79. Rd3 Bd2 80. Kg1 Bb4 81. Be5 Bc5+ 82. Kf1 Bb4 83. Bb8 Rb2 84. Be5 1/2-1/2

[Event "Treviso Lega Master op 2nd"]
[Site "Treviso"]
[Date "2018.03.03"]
[Round "2"]
[White "Dionigi, Riccardo"]
[Black "Loiacono, Leonardo"]
[Result "0-1"]
[WhiteElo "2069"]
[BlackElo "2244"]
[PlyCount "72"]
[EventDate "2018.03.02"]
[EventType "swiss"]
[EventRounds "5"]
[EventCountry "ITA"]
[SourceTitle "EXT 2022"]
[Source "ChessBase"]
[SourceDate "2021.10.06"]
[SourceVersion "1"]
[SourceVersionDate "2021.10.06"]
[SourceQuality "1"]

1. d4 Nf6 2. c4 c5 3. d5 b5 4. cxb5 a6 5. bxa6 g6 6. Nc3 Bg7 7. Nf3 0-0 8. e4 Qa5 9. Nd2 Bxa6 10. Be2 d6 11. 0-0 Bxe2 12. Qxe2 Qa6 13. Nc4 Nfd7 14. Re1 Nb6 15. Nxb6 Qxb6 16. Bg5 Re8 17. Rab1 Na6 18. Rec1 Nc7 19. Bd2 Reb8 20. b3 Qa6 21. Qe3 Bd4 22. Qh3 Nb5 23. Nxb5 Qxb5 24. a4 Rxa4 25. bxa4 Qxb1 26. Qf3 Qa2 27. Be3 Qxa4 28. h4 Rb3 29. h5 Qd7 30. h6 f6 31. Qd1 Rxe3 32. fxe3 Bxe3+ 33. Kf1 Qb5+ 34. Ke1 Qb4+ 35. Kf1 Bxc1 36. Qxc1 Qxe4 0-1

[Event "Gabicce Mare op 1st"]
[Site "Gabicce Mare"]
[Date "2013.01.06"]
[Round "9"]
[White "Dionigi, Riccardo"]
[Black "Rovedi, Mauro"]
[Result "0-1"]
[WhiteElo "1910"]
[BlackElo "2049"]
[PlyCount "44"]
[EventDate "2013.01.02"]
[EventType "swiss"]
[EventRounds "9"]
[EventCountry "ITA"]
[SourceTitle "EXT 2015"]
[Source "ChessBase"]
[SourceDate "2014.11.20"]
[SourceVersion "1"]
[SourceVersionDate "2014.11.20"]
[SourceQuality "1"]

1. d4 Nf6 2. c4 c6 3. Nc3 d5 4. cxd5 cxd5 5. Bf4 e6 6. e3 Bd6 7. Bxd6 Qxd6 8. Nf3 a6 9. Bd3 Nc6 10. Rc1 0-0 11. 0-0 b5 12. e4 dxe4 13. Nxe4 Nxe4 14. Bxe4 Bb7 15. Bxh7+ Kxh7 16. Ng5+ Kg6 17. Qg4 f5 18. Ne4+ fxg4 19. Nxd6 Nd8 20. Rc7 Bd5 21. Rfc1 Nf7 22. Nb7 Ra7 0-1

[Event "Modena Province-ch"]
[Site "Modena"]
[Date "2012.12.14"]
[Round "1"]
[White "Dionigi, Riccardo"]
[Black "Pomante, Sergio"]
[Result "1-0"]
[WhiteElo "1910"]
[BlackElo "1629"]
[PlyCount "43"]
[EventDate "2012.12.14"]
[EventType "swiss"]
[EventRounds "5"]
[EventCountry "ITA"]
[SourceTitle "EXT 2014"]
[Source "ChessBase"]
[SourceDate "2013.11.20"]
[SourceVersion "1"]
[SourceVersionDate "2013.11.20"]
[SourceQuality "1"]

1. d4 c5 2. d5 g6 3. Nc3 Bg7 4. e4 d6 5. Be2 e6 6. Nf3 Nf6 7. 0-0 0-0 8. Nd2 e5 9. Nc4 a6 10. a4 Qc7 11. f4 Nbd7 12. fxe5 dxe5 13. a5 b5 14. axb6 Nxb6 15. d6 Qb7 16. Nxe5 Nxe4 17. Nxe4 Bxe5 18. Bf3 Bd4+ 19. Kh1 Nd5 20. c3 f5 21. Nxc5 Qf7 22. Qxd4 1-0

[Event "Giovanni Pico Cup 5th"]
[Site "Mirandola"]
[Date "2012.01.15"]
[Round "4"]
[White "Dionigi, Riccardo"]
[Black "Dobboletta, Alex"]
[Result "0-1"]
[WhiteElo "1865"]
[BlackElo "1986"]
[PlyCount "112"]
[EventDate "2012.01.13"]
[EventType "swiss"]
[EventRounds "5"]
[EventCountry "ITA"]
[SourceTitle "EXT 2023"]
[Source "ChessBase"]
[SourceDate "2022.10.05"]
[SourceVersion "1"]
[SourceVersionDate "2022.10.05"]
[SourceQuality "1"]

1. d4 Nf6 2. c4 g6 3. Nc3 Bg7 4. e4 d6 5. f3 0-0 6. Be3 Nbd7 7. Nge2 c5 8. Qd2 a6 9. Rd1 Qa5 10. Nc1 cxd4 11. Bxd4 Ne5 12. Nb3 Qc7 13. Nd5 Nxd5 14. cxd5 e6 15. Qc3 Qxc3+ 16. Bxc3 exd5 17. Rxd5 Rd8 18. Be2 Be6 19. Rd2 Nc4 20. Bxc4 Bxc3 21. bxc3 Bxc4 22. Kf2 Rac8 23. Na5 Rc7 24. Nxc4 Rxc4 25. Rc1 Rdc8 26. Rxd6 Rxc3 27. Rxc3 Rxc3 28. Kg3 Rc2 29. a4 Rc4 30. Rb6 Rxa4 31. Rxb7 Ra2 32. Ra7 a5 33. e5 a4 34. f4 a3 35. Kf3 Kf8 36. h3 Ra1 37. Kg4 h6 38. g3 a2 39. Kh4 Ke8 40. Kg4 Kd8 41. h4 Kc8 42. h5 Kb8 43. Ra3 Kc7 44. hxg6 fxg6 45. Ra4 h5+ 46. Kg5 h4 47. gxh4 Rg1+ 48. Kf6 a1Q 49. Rxa1 Rxa1 50. Kxg6 Rg1+ 51. Kh6 Kd7 52. h5 Ke6 53. Kh7 Kf5 54. h6 Rg6 55. e6 Rxe6 56. Kg7 Rg6+ 0-1

[Event "Modena Province-ch 11"]
[Site "Modena"]
[Date "2010.12.10"]
[Round "1"]
[White "Dionigi, Riccardo"]
[Black "Degli Esposti, Eugenio"]
[Result "1-0"]
[WhiteElo "1809"]
[BlackElo "1461"]
[PlyCount "50"]
[EventDate "2010.12.10"]
[EventType "swiss"]
[EventRounds "5"]
[EventCountry "ITA"]
[SourceTitle "EXT 2024"]
[Source "ChessBase"]
[SourceDate "2023.10.10"]
[SourceVersion "1"]
[SourceVersionDate "2023.10.10"]
[SourceQuality "1"]

1. d4 Nf6 2. c4 d6 3. Nc3 g6 4. e4 Bg7 5. f3 Nbd7 6. Be3 0-0 7. Nge2 c5 8. Ng3 b6 9. Be2 Bb7 10. 0-0 cxd4 11. Bxd4 Nc5 12. Rc1 Qd7 13. Qd2 Rad8 14. Rfd1 Bc6 15. Qe3 Ne6 16. Bxf6 Bxf6 17. f4 Qc7 18. Nd5 Qb7 19. Nxf6+ exf6 20. Bf3 Rfe8 21. b4 Ng7 22. b5 Bxe4 23. Nxe4 Kf8 24. Qd3 Qe7 25. Nc3 f5 1-0

[Event "Modena Province-ch"]
[Site "Modena"]
[Date "2009.12.13"]
[Round "5"]
[White "Dionigi, Riccardo"]
[Black "Di Trapani, Davide"]
[Result "1-0"]
[WhiteElo "1828"]
[BlackElo "1913"]
[PlyCount "125"]
[EventDate "2009.12.11"]
[EventType "swiss"]
[EventRounds "5"]
[EventCountry "ITA"]
[SourceTitle "EXT 2012"]
[Source "ChessBase"]
[SourceDate "2011.11.24"]
[SourceVersion "1"]
[SourceVersionDate "2011.11.24"]
[SourceQuality "1"]

1. d4 d5 2. c4 e6 3. Nc3 Nf6 4. Bg5 Be7 5. e3 Nbd7 6. Nf3 0-0 7. cxd5 exd5 8. Bd3 c6 9. 0-0 Re8 10. a3 Nf8 11. b4 a6 12. Rb1 Bg4 13. Bxf6 Bxf6 14. a4 Ne6 15. b5 axb5 16. axb5 Bxf3 17. Qxf3 Ra3 18. Rfc1 Qa5 19. Qf5 Rxc3 20. Qxh7+ Kf8 21. bxc6 Rxc1+ 22. Rxc1 bxc6 23. Rxc6 g6 24. Qh3 Kg7 25. Qf3 Qe1+ 26. Bf1 Rb8 27. Qe2 Qxe2 28. Bxe2 Rb2 29. Bd3 Rd2 30. Bf1 Bh4 31. g3 Be7 32. h4 g5 33. hxg5 Nxg5 34. Bg2 Ne4 35. Bxe4 dxe4 36. Rb6 f5 37. Re6 Bf6 38. Kf1 Kg6 39. Kg2 Kg5 40. g4 Bxd4 41. exd4 Kxg4 42. Rg6+ Kf4 43. Kf1 Rxd4 44. Ke2 Ra4 45. Rg3 Ra2+ 46. Ke1 Ra7 47. Ke2 Rd7 48. Rh3 Rd3 49. Rh4+ Kg5 50. Rh8 Rb3 51. Rh2 Kg4 52. Rg2+ Kf4 53. Rh2 Rb2+ 54. Ke1 Rb1+ 55. Ke2 Rg1 56. Rh4+ Rg4 57. Rh8 Rg6 58. Rh4+ Ke5 59. Rh5 Ra6 60. Ke3 Ra2 61. Rg5 Kf6 62. Rg2 Ke5 63. f4+ 1-0